00298nam a2200109Ia 4500008004100000041000800041100001900049245005000068260003500118300000800153700002700161250110s9999 xx 000 0 und d aeng aRanade Sukanya aWaterfront Development Recreation Centre Pune bFinal Year B. Arch, BNCAc2014 a96p aGuide Name:Pawar Abhay